000 00626nam a22002297a 4500
005 20220722143445.0
008 220722b ||||| |||| 00| 0 eng d
040 _cAL
041 _aEnglish
082 _223
_a305.4869
_bAMBR
100 _aB R Ambedkar
_952733
245 _aRise and Fall of Hindu Woman
250 _a4.
260 _aJalandhar
_bBheem Patrika Publications
_c1988
300 _a32 p.
_bPB
_c18.5x12.2 cm.
650 _aHindu women
_952734
650 _aWomen in Buddhism
_952735
650 _aWomen in Hinduism
_952736
650 _aIndia
_952737
700 _aAMBEDKAR (B R)
_952738
942 _2ddc
_cGF
999 _c224116
_d224116